Mechanism design : (Record no. 31520)
[ view plain ]
| 000 -LEADER | |
|---|---|
| fixed length control field | 00981mam a2200313 a 4500 |
| 001 - CONTROL NUMBER | |
| control field | 3029908 |
| 003 - CONTROL NUMBER IDENTIFIER | |
| control field | OSt |
| 005 - DATE AND TIME OF LATEST TRANSACTION | |
| control field | 20211103113418.0 |
| 008 - FIXED-LENGTH DATA ELEMENTS--GENERAL INFORMATION | |
| fixed length control field | 010516m20019999njua b 000 0 eng d |
| 020 ## - INTERNATIONAL STANDARD BOOK NUMBER | |
| International Standard Book Number | 0130408727 (v. 1) |
| 035 ## - SYSTEM CONTROL NUMBER | |
| System control number | (OCoLC)ocm46952605 |
| 038 ## - RECORD CONTENT LICENSOR | |
| Staff Name | khadija |
| 040 ## - CATALOGING SOURCE | |
| Original cataloging agency | JHE |
| Transcribing agency | JHE |
| Modifying agency | NNC |
| 082 ## - DEWEY DECIMAL CLASSIFICATION NUMBER | |
| Classification number | 621.815 |
| Author Mark | ARD |
| 090 ## - LOCALLY ASSIGNED LC-TYPE CALL NUMBER (OCLC); LOCAL CALL NUMBER (RLIN) | |
| Classification number (OCLC) (R) ; Classification number, CALL (RLIN) (NR) | TJ230 |
| Local cutter number (OCLC) ; Book number/undivided call number, CALL (RLIN) | .E67 2001 |
| 100 1# - MAIN ENTRY--PERSONAL NAME | |
| Personal name | Erdman, Arthur G. |
| 9 (RLIN) | 35827 |
| 245 10 - TITLE STATEMENT | |
| Title | Mechanism design : |
| Remainder of title | analysis and synthesis / |
| Statement of responsibility, etc. | Arthur G. Erdman, George N. Sandor, Sridhar Kota. |
| 250 ## - EDITION STATEMENT | |
| Edition statement | 4th ed., web enhanced. |
| 260 ## - PUBLICATION, DISTRIBUTION, ETC. | |
| Place of publication, distribution, etc. | Upper Saddle River, N.J. : |
| Name of publisher, distributor, etc. | Prentice Hall, |
| Date of publication, distribution, etc. | c2001- |
| 300 ## - PHYSICAL DESCRIPTION | |
| Extent | v. : |
| Other physical details | ill. (some col.) ; |
| Dimensions | 25 cm. |
| 500 ## - GENERAL NOTE | |
| General note | Accompanied by a password-protected web site. |
| 504 ## - BIBLIOGRAPHY, ETC. NOTE | |
| Bibliography, etc. note | Includes bibliographical references and index. |
| 563 ## - BINDING INFORMATION | |
| Binding note | paperback |
| 650 #0 - SUBJECT ADDED ENTRY--TOPICAL TERM | |
| Topical term or geographic name entry element | Machine design. |
| 9 (RLIN) | 18984 |
| 700 1# - ADDED ENTRY--PERSONAL NAME | |
| Personal name | Sandor, George N. |
| 9 (RLIN) | 35828 |
| 700 1# - ADDED ENTRY--PERSONAL NAME | |
| Personal name | Kota, Sridhar. |
| 9 (RLIN) | 35829 |
| 942 ## - ADDED ENTRY ELEMENTS (KOHA) | |
| Source of classification or shelving scheme | |
| Koha item type | Book |
| Withdrawn status | Lost status | Source of classification or shelving scheme | Damaged status | Not for loan | Permanent Location | Current Location | Shelving location | Date acquired | Full call number | Barcode | Date last seen | Price effective from | Koha item type |
|---|---|---|---|---|---|---|---|---|---|---|---|---|---|
| School of Mechanical & Manufacturing Engineering (SMME) | School of Mechanical & Manufacturing Engineering (SMME) | General Stacks | 06/24/2015 | 621.815 ERD | SMME-32 | 03/20/2018 | 06/24/2015 | Book | |||||
| School of Mechanical & Manufacturing Engineering (SMME) | School of Mechanical & Manufacturing Engineering (SMME) | General Stacks | 09/22/2015 | 621.815 ARD | SMME-1255 | 03/28/2018 | 09/22/2015 | Book |
